000 00363 a2200145 4500
001 63615
040 _cAnchieta - Pituba
100 _aMARQUES FILHO, Octamar Pinto
240 1 0 _a2ª Avaliação de Matemática, III Unidade
_lpor
245 1 0 _a2ª Avaliação de Matemática, III Unidade
300 _a3
362 0 _a2017
650 4 _aMatemática
942 _cBK
999 _c63615
_d63615